000 00694nam a22001817a 4500
999 _c20496
_d20496
003 OSt
005 20240815122915.0
008 240815b ||||| |||| 00| 0 eng d
040 _c0
082 _aDPer 507 J826 September 2019 - June 2020 v.49 n. 1-5
100 _aWaters, Carolyn.
_eauthor.
_957892
245 _aDesigning environmental science curriculum with photo voive to engage nonscience majors /
_cCarolyn Waters and Kristin Cook
260 _aArlington USA;
_bNational Science Teaching Association,
_cMay/June 2020.
300 _avolume 49, pages 28-35,
_billustration.
700 _aWaters, Carolyn.
_eauthor.
_957892
700 _aCook, Kristin.
_eauthor.
_957893
942 _2ddc
_cPER